Aritmetica e geometria : per la prima classe complementare

Gespeichert in:
Bibliographische Detailangaben
1. Verfasser: Ciamberlini, Corrado
Format: Buch
Sprache:Italienisch
Erschienen: Torino G. B. Paravia e C. 1909
Katalog:EDISCO:  Suchergebnis im Bibliothekskatalog
Schulbuchspezifische Eigenschaften:
Schriftenreihe:Biblioteca di scienze fisiche, matematiche e naturali
Schlagworte:
Tags: Tag hinzufügen
Keine Tags, Fügen Sie den ersten Tag hinzu!
Hinzugefügt zu:30.04.2016
Geändert in:26.03.2020

MARC

LEADER 00000aam a22000005 4500
001 11950
003 OSt
005 20200326121011.0
008 160501s1909 it 000 0 ita
999 |c 11939  |d 11939 
040 |c Elena Facco - Padova - CUBI 
041 1 |a ita 
100 1 |a Ciamberlini, Corrado  |9 3193 
245 0 0 |a Aritmetica e geometria :   |b per la prima classe complementare  |c /Ciamberlini, Corrado 
260 |a Torino  |b G. B. Paravia e C.  |c 1909 
300 |a 108 p.: ill.   |c 21 cm. 
440 |a Biblioteca di scienze fisiche, matematiche e naturali  |9 646 
490 1 |a Biblioteca di scienze fisiche, matematiche e naturali 
510 3 |a L. 1.40 
546 |a ita 
650 |a Matematica  |9 92 
655 |a Manuale  |9 29 
690 |a Secondaria inferiore  |x Complementare  |9 3198 
901 |a 5 
942 |2 ddc  |c BK 
999 |c edisco:11939  |d 11939